| 000 | 00665nam a2200241Ia 4500 | ||
|---|---|---|---|
| 003 | OSt | ||
| 005 | 20260218091313.0 | ||
| 008 | 210210b1998 xxu||||| |||| 00| 0 eng d | ||
| 020 | _a0 333 63219 2 | ||
| 040 | _cAL | ||
| 041 | _aEnglish | ||
| 082 | _a820.9 PECS | ||
| 100 |
_aJohn Peck _9255442 |
||
| 245 |
_aShakespeares tragedies _b: New casebooks |
||
| 260 |
_aLondon _bMacmillan Press Ltd _c1998 |
||
| 300 | _a295 | ||
| 650 |
_aShakespear's tragedies Critical Essays New Case Books _9255446 |
||
| 690 |
_aEnglish Criticism _9255452 |
||
| 700 |
_aCoyle, Martin _9255453 |
||
| 700 |
_aZimmerman ,Susan Ed _9255454 |
||
| 906 | _a056079 | ||
| 942 |
_2ddc _cBK |
||
| 999 |
_c103510 _d103510 |
||